Dora and the unicorn king / (Record no. 9931)

MARC details
000 -LEADER
fixed length control field 01032nam a22002777a 4500
001 - CONTROL NUMBER
control field 9931
003 - CONTROL NUMBER IDENTIFIER
control field FISKH
005 - DATE AND TIME OF LATEST TRANSACTION
control field 20260317121404.0
008 - FIXED-LENGTH DATA ELEMENTS--GENERAL INFORMATION
fixed length control field 260317b cb ||||| |||| 00| 0 eng d
020 ## - INTERNATIONAL STANDARD BOOK NUMBER
International Standard Book Number 9781442413122
040 ## - CATALOGING SOURCE
Original cataloging agency FISKH
Language of cataloging eng
Transcribing agency FISKH
Modifying agency FISKH
050 ## - LIBRARY OF CONGRESS CALL NUMBER
Classification number PZ7 .S4565
082 ## - DEWEY DECIMAL CLASSIFICATION NUMBER
Classification number 428
100 ## - MAIN ENTRY--PERSONAL NAME
Personal name Seiss , Ellie
245 ## - TITLE STATEMENT
Title Dora and the unicorn king /
Statement of responsibility, etc. adapted by Ellie Seiss based on the screenplay " King Unicornio " written by Rosemary Contreras : illustrated by Victoria Miller
260 ## - PUBLICATION, DISTRIBUTION, ETC.
Place of publication, distribution, etc. New York :
Name of publisher, distributor, etc. Simon Spotlight/ Nickelodeon ,
Date of publication, distribution, etc. 2011.
300 ## - PHYSICAL DESCRIPTION
Extent 24 unnumbered pages :
Other physical details color illustrations ;
Dimensions 23 cm .
490 ## - SERIES STATEMENT
Series statement Ready‑To‑Read Dora the Explorer
Volume/sequential designation Level 1
505 ## - FORMATTED CONTENTS NOTE
Formatted contents note E <br/><br/><br/>
520 ## - SUMMARY, ETC.
Summary, etc. Dora and Boots must help their friend Unicornio get to the castle so he can be crowned king of the enchanted forest.
521 8# - TARGET AUDIENCE NOTE
Target audience note 300 <br/><br/>
Source Lexile estimate <br/>
521 8# - TARGET AUDIENCE NOTE
Target audience note E <br/><br/>
Source Raz-Plus <br/>
700 ## - ADDED ENTRY--PERSONAL NAME
Personal name Miller , Victoria
Relator term Illustrator
942 ## - ADDED ENTRY ELEMENTS (KOHA)
Source of classification or shelving scheme Dewey Decimal Classification
Koha item type Books
Suppress in OPAC No
Holdings
Withdrawn status Lost status Source of classification or shelving scheme Damaged status Not for loan Collection Home library Current library Shelving location Date acquired Total Checkouts Full call number Barcode Date last seen Price effective from Koha item type
    Dewey Decimal Classification     Juvenile Fiction Footprints International School Library Network Toul Tom Poung Campus Footprints International School Library Network Toul Tom Poung Campus TTP Primary Green Bookshelves 03/17/2026   SEI 428 PZ7 .S4565 FISTK01788 03/17/2026 03/17/2026 Books